[Event "Paranaense-ch (Women) 2013"]
[Site "Curitiba"]
[Date "2014.01.19"]
[Round "6.5"]
[White "Pereira, Ana Carla Luciano"]
[Black "Rocha, Juliana da Silva"]
[Result "0-1"]
[WhiteElo "1800"]
[BlackElo "1663"]
[PlyCount "72"]
[EventDate "2014.01.17"]
[EventType "swiss"]
[EventRounds "6"]
[EventCountry "BRA"]
[SourceTitle "EXT 2022"]
[Source "ChessBase"]
[SourceDate "2021.10.06"]
[SourceVersion "1"]
[SourceVersionDate "2021.10.06"]
[SourceQuality "1"]

1. e4 e6 2. d4 b6 3. Nc3 Bb7 4. Nf3 Nf6 5. Bd3 Bb4 6. Qe2 h6 7. 0-0 Be7 8. Be3 g5 9. h3 g4 10. Ne1 gxh3 11. gxh3 Bb4 12. Qf3 Bxc3 13. bxc3 Qe7 14. a3 d6 15. c4 Nbd7 16. d5 Ne5 17. Qe2 Nfd7 18. Ng2 Qf6 19. f3 Nxd3 20. cxd3 exd5 21. Qf2 Rg8 22. cxd5 Nc5 23. d4 Nb3 24. Rab1 Na5 25. Rbc1 Bc8 26. Kh2 Kd8 27. Rc2 Bd7 28. Re1 b5 29. Bd2 Nc4 30. Bb4 a5 31. Bd2 Nxa3 32. Rb2 Nc4 33. Rc2 Nxd2 34. Rxd2 a4 35. Qh4 Rxg2+ 36. Rxg2 Qxh4 0-1